[Event "Daehne Cup Region 16/17 qual III"]
[Site "Neustadt"]
[Date "2017.06.10"]
[Round "1"]
[White "Rohn, Oleg"]
[Black "Eilert, Marius"]
[Result "0-1"]
[WhiteElo "1696"]
[BlackElo "1999"]
[PlyCount "122"]
[EventDate "2017.06.10"]
[EventType "k.o."]
[EventRounds "3"]
[EventCountry "GER"]
[SourceTitle "EXT 2022"]
[Source "ChessBase"]
[SourceDate "2021.10.06"]
[SourceVersion "1"]
[SourceVersionDate "2021.10.06"]
[SourceQuality "1"]

1. e4 c5 2. Nf3 d6 3. d4 cxd4 4. Nxd4 Nf6 5. Nc3 g6 6. Be2 Bg7 7. 0-0 0-0 8. f4 Nc6 9. Nxc6 bxc6 10. Be3 Qa5 11. a3 Rb8 12. Rb1 Ba6 13. Bxa6 Qxa6 14. e5 dxe5 15. fxe5 Nd5 16. Nxd5 cxd5 17. Qxd5 Rb5 18. Qc4 Bxe5 19. a4 Ra5 20. Qxa6 Rxa6 21. b3 Rc6 22. c4 a6 23. Rfd1 Rb8 24. Rd5 Bc3 25. Ba7 Rb7 26. Rd8+ Kg7 27. Bd4+ Bxd4+ 28. Rxd4 Rcb6 29. Rd3 Rb4 30. c5 f6 31. c6 Rc7 32. Rc1 Rb6 33. Rd7 Rxd7 34. cxd7 Rd6 35. Rc7 Kf7 36. Ra7 Ke6 37. b4 Rxd7 38. Rxa6+ Kd5 39. b5 f5 40. a5 e5 41. Rc6 Rb7 42. a6 Rxb5 43. Rc7 Ra5 44. a7 h6 45. Rh7 g5 46. Rxh6 Rxa7 47. Rg6 g4 48. g3 Ra1+ 49. Kf2 Ra2+ 50. Kg1 Ke4 51. Rb6 Rd2 52. Rb4+ Rd4 53. Rb3 Rd3 54. Rb2 Ke3 55. Rb5 Rd1+ 56. Kg2 Rd2+ 57. Kg1 Kd4 58. Ra5 f4 59. Ra4+ Ke3 60. Ra3+ Rd3 61. Ra5 Rd1+ 0-1

[Event "Daehne Cup Region 15/16 VI Rest"]
[Site "Neustadt"]
[Date "2016.07.24"]
[Round "4"]
[White "Rohn, Oleg"]
[Black "Majewski, Thomas"]
[Result "1-0"]
[WhiteElo "1698"]
[BlackElo "1852"]
[PlyCount "107"]
[EventDate "2016.07.??"]
[EventType "swiss"]
[EventCountry "GER"]
[SourceTitle "EXT 2022"]
[Source "ChessBase"]
[SourceDate "2021.10.06"]
[SourceVersion "1"]
[SourceVersionDate "2021.10.06"]
[SourceQuality "1"]

1. e4 e6 2. d4 d5 3. Nc3 Bb4 4. e5 c5 5. a3 Bxc3+ 6. bxc3 Ne7 7. Nf3 h6 8. Bb5+ Nd7 9. 0-0 Qa5 10. Bxd7+ Bxd7 11. Bd2 Qa4 12. h3 Nf5 13. g4 Ne7 14. Qc1 Nc6 15. Be3 Qa5 16. Qb2 Qc7 17. Rab1 b6 18. Kg2 Na5 19. Nd2 Rc8 20. Rbc1 0-0 21. f4 Bc6 22. Rf2 f6 23. Rcf1 Bb7 24. Kg3 Ba6 25. Re1 cxd4 26. Bxd4 g5 27. fxg5 hxg5 28. Kg2 fxe5 29. Rxf8+ Rxf8 30. Rxe5 Qe7 31. Qb4 Nc6 32. Qxe7 Nxe7 33. Rxg5+ Kf7 34. h4 Ng6 35. Kg3 e5 36. Bxe5 Nxe5 37. Rxe5 Rd8 38. Nf3 Bc8 39. Nd4 Kf6 40. Re3 Bd7 41. g5+ Kg6 42. Re7 a5 43. Ne6 Bxe6 44. Rxe6+ Kg7 45. Rxb6 d4 46. cxd4 Rxd4 47. Rc6 Ra4 48. c3 Rxa3 49. h5 Rb3 50. Rc7+ Kg8 51. Kg4 a4 52. g6 Rb6 53. Kg5 Ra6 54. Rc8+ 1-0

[Event "Daehne Cup Region 15/16 VI"]
[Site "Neustadt"]
[Date "2016.07.23"]
[Round "1"]
[White "Brauer, Jan"]
[Black "Rohn, Oleg"]
[Result "0-1"]
[WhiteElo "1712"]
[BlackElo "1698"]
[PlyCount "142"]
[EventDate "2016.07.23"]
[EventType "k.o."]
[EventRounds "4"]
[EventCountry "GER"]
[SourceTitle "EXT 2022"]
[Source "ChessBase"]
[SourceDate "2021.10.06"]
[SourceVersion "1"]
[SourceVersionDate "2021.10.06"]
[SourceQuality "1"]

1. c4 c6 2. Nc3 Nf6 3. g3 d5 4. cxd5 Nxd5 5. Bg2 Nxc3 6. bxc3 Bf5 7. e4 Bg6 8. Ba3 Nd7 9. f4 e6 10. Bxf8 Kxf8 11. d4 h5 12. h4 Nf6 13. e5 Nd5 14. Bxd5 Qxd5 15. Rh2 Qe4+ 16. Qe2 Qd5 17. Qb2 b5 18. a4 Bd3 19. axb5 cxb5 20. Qg2 Be4 21. Qa2 Qc6 22. Ne2 a5 23. Qa3+ Kg8 24. Qc5 Qb7 25. d5 Bxd5 26. Nd4 Rc8 27. Qxb5 Qc7 28. Rc2 Bc4 29. Qxa5 Qb7 30. Kf2 Qe4 31. Rd2 Bd5 32. Rg1 Kh7 33. Qb5 Rc4 34. Re2 Qd3 35. Re3 Qd2+ 36. Ne2 Rhc8 37. Qb1+ Be4 38. Rxe4 Rxe4 39. Qxe4+ Kg8 40. Rc1 Qb2 41. c4 Rd8 42. Rc2 Qa1 43. c5 Rd1 44. Qe3 Rf1+ 45. Kg2 Rh1 46. Rc1 Qa8+ 47. Qf3 Rh2+ 48. Kxh2 Qxf3 49. c6 Qxe2+ 50. Kh3 Qd2 51. Rc5 Qe3 52. Rc2 Qg1 53. c7 Qh1+ 54. Rh2 Qc6 55. Rf2 Qxc7 56. Kh2 Kh7 57. Kh3 Kg6 58. Kh2 Kf5 59. Kh3 Qc5 60. Rg2 Qe3 61. Ra2 Qf3 62. Rb2 Qh1+ 63. Rh2 Qf1+ 64. Rg2 Ke4 65. Kh2 Qd1 66. Ra2 Kf3 67. Ra3+ Kg4 68. Ra2 Qf1 69. Rg2 g6 70. Ra2 Qh3+ 71. Kg1 Qxg3+ 0-1

[Event "Daehne Cup Region III Rest"]
[Site "Neustadt"]
[Date "2012.05.13"]
[Round "4"]
[White "Diskin, Semen"]
[Black "Rohn, Oleg"]
[Result "1/2-1/2"]
[WhiteElo "1768"]
[BlackElo "1678"]
[PlyCount "79"]
[EventDate "2012.05.??"]
[EventType "k.o."]
[EventCountry "GER"]
[SourceTitle "EXT 2022"]
[Source "ChessBase"]
[SourceDate "2021.10.06"]
[SourceVersion "1"]
[SourceVersionDate "2021.10.06"]
[SourceQuality "1"]

1. e4 c5 2. Ne2 b6 3. g3 Bb7 4. Bg2 Nf6 5. d3 e5 6. 0-0 d6 7. c3 Be7 8. Be3 0-0 9. Qc2 Ng4 10. Na3 Nxe3 11. fxe3 Nd7 12. d4 Nf6 13. h3 Ba6 14. Rad1 Qc7 15. c4 Rac8 16. Qa4 Qb7 17. Nc3 Ra8 18. dxe5 dxe5 19. Rf5 Rad8 20. Rxd8 Rxd8 21. Rxe5 Bf8 22. Rf5 Rd2 23. Rf2 Rxf2 24. Kxf2 Qc8 25. Nd5 Bb7 26. Qxa7 Bxd5 27. cxd5 Qd8 28. Nc4 Nd7 29. e5 b5 30. e6 fxe6 31. Nd2 exd5 32. Bxd5+ Kh8 33. Ne4 Nf6 34. Nxf6 Qxf6+ 35. Kg1 Qe5 36. Qf7 Qxe3+ 37. Qf2 Qe7 38. h4 g6 39. Qf7 Qxf7 40. Bxf7 1/2-1/2

[Event "Daehne Cup Region III"]
[Site "Neustadt"]
[Date "2012.05.12"]
[Round "1"]
[White "Rohn, Oleg"]
[Black "Majewski, Thomas"]
[Result "1-0"]
[WhiteElo "1678"]
[BlackElo "1825"]
[PlyCount "115"]
[EventDate "2012.05.12"]
[EventType "k.o."]
[EventRounds "4"]
[EventCountry "GER"]
[SourceTitle "EXT 2022"]
[Source "ChessBase"]
[SourceDate "2021.10.06"]
[SourceVersion "1"]
[SourceVersionDate "2021.10.06"]
[SourceQuality "1"]

1. d4 Nf6 2. c4 g6 3. Nc3 Bg7 4. e4 d6 5. Be2 0-0 6. f4 c5 7. d5 e6 8. Nf3 exd5 9. exd5 Re8 10. 0-0 Na6 11. a3 Nc7 12. Bd3 Bg4 13. Bd2 a6 14. Qc2 Nd7 15. Ne4 Nf8 16. Bc3 Bf5 17. Bxg7 Kxg7 18. Qc3+ f6 19. Ng3 Bxd3 20. Qxd3 b5 21. b3 bxc4 22. bxc4 Rb8 23. Qc3 Nd7 24. Rae1 Kf7 25. Rxe8 Nxe8 26. Re1 Ng7 27. Ne4 Nb6 28. Nxf6 h6 29. Ng4 Nf5 30. Qd3 Qh8 31. h4 Nd4 32. Qe4 Nxf3+ 33. gxf3 Qd4+ 34. Qxd4 cxd4 35. Rb1 Nd7 36. Rxb8 Nxb8 37. Kf1 Nd7 38. Ke2 Nb6 39. Kd3 h5 40. Nf2 Kf6 41. Kxd4 Kf5 42. Nd3 Nd7 43. c5 dxc5+ 44. Nxc5 Nf6 45. Nd3 Nd7 46. Kc4 Kf6 47. Kb4 Ke7 48. Kc4 Kd6 49. Ne5 Nb6+ 50. Kd4 Nxd5 51. Nxg6 Nc7 52. a4 Ne6+ 53. Kc4 Nc5 54. Kb4 Nb7 55. f5 Kc6 56. f6 a5+ 57. Kc3 Nd6 58. Ne5+ 1-0

[Event "Daehne Cup Region III"]
[Site "Neustadt"]
[Date "2011.04.03"]
[Round "3"]
[White "Rohn, Oleg"]
[Black "Gehrke, Mathias"]
[Result "1-0"]
[WhiteElo "1639"]
[BlackElo "1604"]
[PlyCount "80"]
[EventDate "2011.03.27"]
[EventType "k.o."]
[EventCountry "GER"]
[SourceTitle "EXT 2022"]
[Source "ChessBase"]
[SourceDate "2021.10.06"]
[SourceVersion "1"]
[SourceVersionDate "2021.10.06"]
[SourceQuality "1"]

1. e4 c6 2. d4 d5 3. e5 Bf5 4. Bd3 Bxd3 5. Qxd3 e6 6. Nf3 h6 7. Bd2 Nd7 8. c3 Be7 9. b4 a5 10. 0-0 axb4 11. cxb4 Bg5 12. a3 Bxd2 13. Nbxd2 Ne7 14. Nh4 Nc8 15. Nhf3 b5 16. Nb3 Ncb6 17. Na5 Qc8 18. Rfc1 Nc4 19. a4 Ndb6 20. axb5 cxb5 21. Nb3 Ke7 22. Rxa8 Qxa8 23. Ra1 Na4 24. Nbd2 Qc6 25. Rc1 Kd7 26. Nb3 Qb6 27. h3 Qd8 28. Nc5+ Nxc5 29. dxc5 Qa8 30. Qd4 Qc6 31. Qf4 Ke7 32. Qh4+ Ke8 33. Ra1 Kd7 34. Ra7+ Kc8 35. Nd4 g5 36. Qh5 Nxe5 37. Nxc6 Nxc6 38. Ra8+ Nb8 39. Qxf7 Rd8 40. Qxe6+ Rd7 1-0

[Event "Daehne Cup Region III"]
[Site "Neustadt"]
[Date "2011.03.27"]
[Round "1"]
[White "Rohn, Oleg"]
[Black "Stoy, Ulf"]
[Result "0-1"]
[WhiteElo "1639"]
[BlackElo "2036"]
[PlyCount "100"]
[EventDate "2011.03.27"]
[EventType "k.o."]
[EventCountry "GER"]
[SourceTitle "EXT 2022"]
[Source "ChessBase"]
[SourceDate "2021.10.06"]
[SourceVersion "1"]
[SourceVersionDate "2021.10.06"]
[SourceQuality "1"]

1. e4 d6 2. d4 Nf6 3. Bd3 c5 4. c3 cxd4 5. cxd4 Nc6 6. Ne2 e6 7. 0-0 Be7 8. Nbc3 0-0 9. a3 a6 10. Bc2 b5 11. b4 Qb6 12. Kh1 Bb7 13. Be3 Ng4 14. Qd3 g6 15. h3 Nxe3 16. fxe3 e5 17. d5 Na7 18. Ng3 Rac8 19. Nce2 Bg5 20. Rf3 Qc7 21. Bb3 Qe7 22. Raf1 Rc7 23. Kh2 Nc8 24. Nh1 Nb6 25. Nf2 Bc8 26. Rc1 Rxc1 27. Nxc1 Bd7 28. Ne2 Rc8 29. g3 h5 30. Nd1 Qd8 31. Ndc3 Rc7 32. Nd1 Qc8 33. Nf2 Nc4 34. Bxc4 Rxc4 35. Kg2 Rc2 36. h4 Bd8 37. Nd1 Bh3+ 38. Kh2 Bg4 39. Rf2 Ra2 40. Nec3 Rxa3 41. Qd2 Rb3 42. Na2 Qc4 43. Ndc3 a5 44. Qc2 axb4 45. Nxb5 Qxc2 46. Rxc2 Rb1 47. Rf2 Bb6 48. Nxb4 Bxe3 49. Ra2 Bf3 50. Nxd6 Rh1# 0-1